[Event "FRA-ch U14"]
[Site "Le Grand Bornand"]
[Date "2007.04.??"]
[Round "4"]
[White "Gallant, Aurelien"]
[Black "Langlois, Xavier"]
[Result "1-0"]
[WhiteElo "1905"]
[BlackElo "1830"]
[PlyCount "51"]
[EventDate "2007.04.07"]
[EventType "swiss"]
[EventRounds "9"]
[EventCountry "FRA"]
[SourceTitle "CBM 118 Extra"]
[Source "ChessBase"]
[SourceDate "2007.07.04"]
[SourceVersion "1"]
[SourceVersionDate "2007.07.04"]
[SourceQuality "1"]

1. e4 c5 2. Nf3 e6 3. d4 cxd4 4. Nxd4 Nf6 5. Nc3 Nc6 6. Ndb5 Bb4 7. a3 Bxc3+ 8. Nxc3 d5 9. exd5 exd5 10. Bf4 0-0 11. Bd3 d4 12. Ne2 Nd5 13. 0-0 Qf6 14. Qd2 Bf5 15. Bxf5 Qxf5 16. Bd6 Rfd8 17. Bg3 Rac8 18. Rac1 Nf6 19. Rfd1 Rd5 20. Qf4 Qd7 21. Qf3 Re8 22. b4 Qe6 23. Nf4 Ne5 24. Qxd5 Nxd5 25. Nxe6 fxe6 26. Bxe5 1-0

[Event "FRA-chT U20 0304"]
[Site "France"]
[Date "2004.??.??"]
[Round "4"]
[White "Langlois, Xavier"]
[Black "Kohi, Camilla"]
[Result "0-1"]
[WhiteElo "1510"]
[BlackElo "1520"]
[PlyCount "121"]
[EventDate "2003.11.??"]
[EventType "team"]
[EventRounds "11"]
[EventCountry "FRA"]
[SourceTitle "EXT 2005"]
[Source "ChessBase"]
[SourceDate "2004.11.15"]
[SourceVersion "1"]
[SourceVersionDate "2004.11.15"]
[SourceQuality "1"]
[WhiteTeam "Agneaux Saint Lo"]
[BlackTeam "AECE"]
[WhiteTeamCountry "FRA"]
[BlackTeamCountry "FRA"]

1. e4 e6 2. d4 d5 3. e5 c5 4. c3 Nc6 5. Be3 Qb6 6. Qd2 Bd7 7. Be2 f6 8. f4 Be7 9. a3 a5 10. Bf3 Nh6 11. g4 a4 12. Ne2 Na5 13. Nc1 Nc4 14. dxc5 Nxd2 15. cxb6 Nxf3+ 16. Kf2 Bc6 17. Kg3 fxe5 18. fxe5 Nxe5 19. Bxh6 gxh6 20. Ne2 d4 21. Rd1 d3 22. Nf4 0-0-0 23. Nxe6 Rd7 24. Nd2 Rg8 25. h3 Rg6 26. Nf4 Rf6 27. Re1 Ng6 28. Nxg6 hxg6 29. Rad1 g5 30. Ne4 Bxe4 31. Rxe4 Rxb6 32. Rxa4 Rxb2 33. Ra8+ Kc7 34. Rh8 d2 35. Rxh6 Bxa3 36. Rg6 Rc2 37. Kf2 Rc1 38. Ke2 Rxd1 39. Kxd1 Bb2 40. Rxg5 b6 41. h4 Bxc3 42. h5 Re7 43. Rd5 Rg7 44. g5 Kc6 45. Rd3 Ba5 46. Rg3 Kd5 47. h6 Re7 48. Kc2 Re1 49. Rd3+ Ke6 50. h7 Rh1 51. g6 Kf6 52. Rd6+ Kg7 53. Rd8 d1Q+ 54. Rxd1 Rxd1 55. Kxd1 Bc3 56. Kc2 Be5 57. Kb3 Kxg6 58. Kb4 Kxh7 59. Kb5 Bd4 60. Kc4 Bg1 61. Kb5 0-1

[Event "FRA-chT U20 0203"]
[Site "Clichy"]
[Date "2002.12.01"]
[Round "2.10"]
[White "Langlois, Xavier"]
[Black "Caput, Jules"]
[Result "1-0"]
[WhiteElo "1250"]
[BlackElo "1340"]
[PlyCount "21"]
[EventDate "2002.12.??"]
[EventType "team"]
[EventRounds "11"]
[EventCountry "FRA"]
[SourceTitle "EXT 2004"]
[Source "ChessBase"]
[SourceDate "2003.11.25"]
[SourceVersion "1"]
[SourceVersionDate "2003.11.25"]
[SourceQuality "1"]
[WhiteTeam "Agneaux Saint Lo"]
[BlackTeam "Creteil"]
[WhiteTeamCountry "FRA"]
[BlackTeamCountry "FRA"]

1. e4 e5 2. Nc3 Nf6 3. Bc4 Nxe4 4. Qh5 g6 5. Qxe5+ Qe7 6. Qxe7+ Bxe7 7. Nxe4 d6 8. d4 Bf5 9. f3 Nc6 10. Be3 0-0-0 11. Ne2 1-0